00370nam a2200133Ia 4500008004100000041001200041082001600053100001600069245007000085260003700155300000800192650001800200700001800218221030s9999 xx 000 0 und d aEnglish a105.23bSin aB. P. Singh 0aBusiness Organisaiton & Managementcby B. P. Singh, T. N. Chhabra bDhanpat Rai PubaNew Delhic2002 a848 aBE Management aT. N. Chhabra